000 00550nam a2200205Ia 4500
008 230125s9999 xx 000 0 und d
020 _a0-07-070072-9
041 _aeng
082 _a658.001
_bWEI/CAN
100 _aWeihrich H
_9109450
245 _aManagement : A Global and Entrepreneurial Perspective
250 _a13th ed
260 _c2010
_bTata McGraw Hill
_aNew Delhi
300 _a537p
500 _aPPM
650 _aManagement
700 _aWeihrich H; Cannice M V & Koontz H
_9111053
906 _b131
999 _c87909
_d87909